| 000 | 01820nam a2200397Ia 4500 | ||
|---|---|---|---|
| 001 | ebr10593714 | ||
| 003 | CaPaEBR | ||
| 006 | m u | ||
| 007 | cr cn||||||||| | ||
| 008 | 070103s2007 ilua sb s001 0 eng d | ||
| 010 | _z 2006100766 | ||
| 020 | _z0252031679 | ||
| 020 | _z9780252031670 | ||
| 020 | _z9780252092916 | ||
| 040 |
_aCaPaEBR _cCaPaEBR |
||
| 035 | _a(OCoLC)811409167 | ||
| 050 | 1 | 4 |
_aHQ1236.5.U6 _bW56 2007eb |
| 100 | 1 |
_aWilson, Jan Doolittle, _d1972- |
|
| 245 | 1 | 4 |
_aThe Women's Joint Congressional Committee and the politics of maternalism, 1920-30 _h[electronic resource] / _cJan Doolittle Wilson. |
| 260 |
_aUrbana : _bUniversity of Illinois Press, _cc2007. |
||
| 300 |
_ax, 245 p. : _bill. |
||
| 490 | 0 | _aWomen in American history | |
| 504 | _aIncludes bibliographical references (p. 221-237) and index. | ||
| 533 |
_aElectronic reproduction. _bPalo Alto, Calif. : _cebrary, _d2011. _nAvailable via World Wide Web. _nAccess may be limited to ebrary affiliated libraries. |
||
| 610 | 2 | 0 | _aWomen's Joint Congressional Committee. |
| 650 | 0 |
_aWomen _xPolitical activity _zUnited States _xHistory _y20th century. |
|
| 650 | 0 |
_aWomen social reformers _zUnited States _xHistory _y20th century. |
|
| 650 | 0 |
_aWomen _zUnited States _xSocieties and clubs _xHistory _y20th century. |
|
| 650 | 0 |
_aPressure groups _zUnited States _xHistory _y20th century. |
|
| 650 | 0 |
_aSocial legislation _zUnited States _xHistory _y20th century. |
|
| 650 | 0 |
_aMaternal and infant welfare _xLaw and legislation _zUnited States _xHistory. |
|
| 650 | 0 |
_aChild labor _xLaw and legislation _zUnited States _xHistory. |
|
| 655 | 7 |
_aElectronic books. _2local |
|
| 710 | 2 | _aebrary, Inc. | |
| 856 | 4 | 0 |
_uhttp://site.ebrary.com/lib/rucke/Doc?id=10593714 _zAn electronic book accessible through the World Wide Web; click to view |
| 999 |
_c111835 _d111835 |
||